Deliberate practice in schema therapy (Record no. 1436022)

MARC details
000 -LEADER
fixed length control field 01081 a2200301 4500
005 - DATE AND TIME OF LATEST TRANSACTION
control field 20251124154022.0
008 - FIXED-LENGTH DATA ELEMENTS--GENERAL INFORMATION
fixed length control field 251113b |||||||| |||| 00| 0 eng d
020 ## - INTERNATIONAL STANDARD BOOK NUMBER
International Standard Book Number 9781433836022 (hbk)
037 ## - SOURCE OF ACQUISITION
Terms of availability TB
040 ## - CATALOGING SOURCE
Original cataloging agency CRL
Transcribing agency CRL
041 ## - LANGUAGE CODE
Source of code eng
Language code of text/sound track or separate title eng
084 ## - COLON CLASSIFICATION NUMBER
Classification number SN1:5-86 R3
Assigning agency CRL
100 ## - MAIN ENTRY--PERSONAL NAME
Personal name Behary, Wendy T.
9 (RLIN) 822245
245 ## - TITLE STATEMENT
Title Deliberate practice in schema therapy
260 ## - PUBLICATION, DISTRIBUTION, ETC.
Place of publication, distribution, etc. Washington, USA:
Name of publisher, distributor, etc. American Psychology Association,
Date of publication, distribution, etc. 2023.
300 ## - PHYSICAL DESCRIPTION
Extent xii, 226p.
365 ## - TRADE PRICE
Price amount 43.99
Currency code USD
490 ## - SERIES STATEMENT
Series statement Essentials of deliberate practice series
650 ## - SUBJECT ADDED ENTRY--TOPICAL TERM
Topical term or geographic name entry element Psychology
9 (RLIN) 851336
650 ## - SUBJECT ADDED ENTRY--TOPICAL TERM
Topical term or geographic name entry element Behavior
9 (RLIN) 851337
650 ## - SUBJECT ADDED ENTRY--TOPICAL TERM
Topical term or geographic name entry element Emotion
9 (RLIN) 851338
650 ## - SUBJECT ADDED ENTRY--TOPICAL TERM
Topical term or geographic name entry element Psycho - Therapy
9 (RLIN) 851339
700 ## - ADDED ENTRY--PERSONAL NAME
Personal name Farrell, Joan M.
Relator term author.
9 (RLIN) 851340
700 ## - ADDED ENTRY--PERSONAL NAME
Personal name Vaz, Alezandre
Relator term author.
9 (RLIN) 851341
700 ## - ADDED ENTRY--PERSONAL NAME
Personal name Rousmaniere, Tony
Relator term author.
9 (RLIN) 851342
942 ## - ADDED ENTRY ELEMENTS (KOHA)
Koha item type Textbook
Source of classification or shelving scheme Colon Classification (CC)
Suppress in OPAC No
Classification part SN1:5-86 R3
Holdings
Withdrawn status Lost status Source of classification or shelving scheme Damaged status Not for loan Home library Current library Date acquired Source of acquisition Cost, normal purchase price Inventory number Total Checkouts Full call number Barcode Date last seen Cost, replacement price Price effective from Koha item type
    Colon Classification (CC)     Central Library Central Library 2025-11-06 84/ Knowledge Warehouse 3122.23 4338 & 2025-10-31   SN1:5-86 R3 CL1924480 2025-11-06 3902.79 2025-11-06 Textbook
Copyright @ Delhi University Library System